| 000 | 00852nam a2200217Ia 4500 | ||
|---|---|---|---|
| 003 | GCL | ||
| 008 | 140319s9999 xx 000 0 ara d | ||
| 020 | _a2721271977 | ||
| 040 |
_aGCL / _cGCL |
||
| 082 | 0 | 4 |
_a723.3 _bا ت |
| 100 | 1 | _aاحمد رجب محمد على | |
| 245 | 1 | 0 |
_aتاريخ وعمارة المزارات والاضرحة الاثرية الاسلامية فى الهند / _cاحمد رجب محمد على |
| 250 | _aالاولى | ||
| 260 |
_aالقاهرة : _bالدار المصرية اللبنانية ، _c2005 |
||
| 300 |
_a289 ص ؛ _c28 سم |
||
| 490 |
_aسلسلة الاثار فى شرق العالم الاسلامى _v2 |
||
| 650 | 0 | 4 | _aالاضرحة - الهند |
| 650 | 0 | 4 | _aالعمارة الاسلامية - الهند |
| 650 | 0 | 4 | _aالمزارات الاسلامية - الهند |
| 942 |
_2ddc _cBK |
||
| 999 |
_c50891 _d50891 |
||